Secured lending issues in South Africa (Record no. 71846)

MARC details
000 -LEADER
fixed length control field 00908cam a2200205 4500
001 - CONTROL NUMBER
control field ABS66252
008 - FIXED-LENGTH DATA ELEMENTS--GENERAL INFORMATION
fixed length control field 021223n2002 000 0 eng u
035 ## - SYSTEM CONTROL NUMBER
System control number (Sirsi) u120874
100 ## - MAIN ENTRY--PERSONAL NAME
Personal name Webster, P
245 ## - TITLE STATEMENT
Title Secured lending issues in South Africa
260 ## - PUBLICATION, DISTRIBUTION, ETC.
Date of publication, distribution, etc. 2002
490 ## - SERIES STATEMENT
Series statement PFI Intelligence Bulletin
Volume/sequential designation 7(7) October 2002, 14-16(3)
520 ## - SUMMARY, ETC.
Summary, etc. Analyses the various legal issues which affect PPPs in South Africa. These considerations are primarily financial, revolving around whether investments are secure. Other topics include levels of control, regulations, guarantees and even the importance of customary law and informal rights as evidenced by the role of tribal chiefs.
590 ## - LOCAL NOTE (RLIN)
Local note ABS
650 ## - SUBJECT ADDED ENTRY--TOPICAL TERM
Topical term or geographic name entry element PUBLIC PRIVATE PARTNERSHIPS
650 ## - SUBJECT ADDED ENTRY--TOPICAL TERM
Topical term or geographic name entry element REPUBLIC OF SOUTH AFRICA
650 ## - SUBJECT ADDED ENTRY--TOPICAL TERM
Topical term or geographic name entry element FLOATING CHARGES
690 ## - LOCAL SUBJECT ADDED ENTRY--TOPICAL TERM (OCLC, RLIN)
Topical term or geographic name as entry element MANAGEMENT-BUSINESS MANAGEMENT-FINANCIAL MANAGEMENT
942 ## - ADDED ENTRY ELEMENTS (KOHA)
Suppress in OPAC 0
Holdings
Withdrawn status Lost status Source of classification or shelving scheme Damaged status Not for loan Home library Current library Shelving location Date acquired Total Checkouts Full call number Barcode Date last seen Copy number Price effective from Koha item type
    Dewey Decimal Classification     London London Journal article 23/12/2002   ABS66252 120874-1001 06/08/2019 1 06/08/2019 Journal article